| 000 | 00469nam a2200169 i 4500 | ||
|---|---|---|---|
| 001 | 30707 | ||
| 003 | ES-MaACL | ||
| 005 | 20230906154235.0 | ||
| 007 | t| | ||
| 008 | 030127s1944 sp ||||1| spa d | ||
| 100 | 1 |
_aBayle, Constantino. _926670 |
|
| 245 | 1 | 0 |
_aEspaña en Indias / _cpor Constantino Bayle. |
| 250 | _a4ª ed. | ||
| 260 |
_a[Madrid] : _bEditora Nacional, _c1944 ( _fJesús Alvarez) |
||
| 300 |
_a469 p. ; _c21 cm. |
||
| 852 |
_aES-MaACL _jC-3940 _bR.23304 |
||
| 999 |
_c30707 _d30707 |
||